El retorno de los ninjas /

Tu amiga Nada te enseña artes marciales en una escuela llamada dojo en las montañas de Japón. Cuando se va a atender unos asuntos de familia, te deja al frente de todo. Pero resulta que Nada no regresa y debes decidir si te involucras en una reyerta familiar ninja que podría transportarte mil años a...

Descripción completa

Guardado en:
Autor Principal: Leibold, Jay.
Otros Autores: Bolle, Frank; il.
Formato: Libro
Idioma:Undetermined
Publicado: Buenos Aires : Atlántida, 1994.
Edición:1a ed.
Series:Elige tu propia aventura ; 51
Materias:
Etiquetas: Agregar Etiqueta
Sin Etiquetas, Sea el primero en etiquetar este registro!
LEADER 01369nam a22002535a 4500
001 CEM.cems021302
008 240710s1994####ag############000#0#und#d
005 20240710190942.0
245 1 0 |a El retorno de los ninjas /  |c Jay Leibold ; ilustrado por Frank Bolle. 
250 |a 1a ed. 
260 |a Buenos Aires :  |b Atlántida,  |c 1994. 
300 |a 114 p. 
490 1 |a Elige tu propia aventura ;  |v 51 
500 |a Traducción: Cristina Sardoy. 
520 |a Tu amiga Nada te enseña artes marciales en una escuela llamada dojo en las montañas de Japón. Cuando se va a atender unos asuntos de familia, te deja al frente de todo. Pero resulta que Nada no regresa y debes decidir si te involucras en una reyerta familiar ninja que podría transportarte mil años atrás. ¿Qué pasa a continuación? Todo depende de las elecciones que tú hagas. ¿Cómo termina la historia? ¡Sólo tú puedes averiguarlo!. ¡Y lo mejor de todo es que puedes seguir leyendo y releyendo hasta que hayas tenido no una sino muchas experiencias increíbles y emocionantes!. 
020 |a 9500813130 
100 1 |a Leibold, Jay. 
700 1 |a Bolle, Frank; il. 
653 |a Literatura juvenil 
653 |a Literatura estadounidense 
653 |a Novela de aventuras 
653 |a Novela juvenil 
653 |a Novela estadounidense 
859 |a CEMS  |b BIB. CEMS - 11 de abril  |h 813.5  |i L531  |p 29499.24  |t Ej.1